| 000 | 01432nam a2200229Ia 4500 | ||
|---|---|---|---|
| 003 | Ost | ||
| 005 | 20260507075132.0 | ||
| 008 | 260507s9999||||xx |||||||||||||| ||und|| | ||
| 020 | _a1085189957 | ||
| 040 | _cfsecg | ||
| 041 | _aara | ||
| 082 | _a330 | ||
| 100 |
_aالعتوم، شفيق _eمؤلف |
||
| 245 | 0 |
_aطرق الإحصاء : _bتطبيقات إقتصادية وإدارية باستخدام SPSS / _c شفيق العتوم |
|
| 260 |
_aعمان: _bدار المناهج, _c2005 |
||
| 300 |
_a570 صفحة؛ _bإيضاحات ؛ _c24 سم |
||
| 520 | _aعلم الإحصاء والبحث العلمي- وصف البيانات الإحصائية وبعض الرموز والمصطلحات- مقاييس التوسط أو مقاييس النزعة المركزية- مقاييس التشتت- العزوم والإلتواء والتفرطح- الإحتمال وتطبيقاته- المتغيرات العشوائية والتوزيعات الإحتمالية- توزيع المعاينة ونظرية النزعة المركزية وتوزيعات العينات الصغيرة- التقدير الإحصائي- اختبار الفروض الإحصائية- الإرتباط والإنحدار الخطي البسيط- تحليل الإنحدار المتعدد- تحليل التباين. | ||
| 653 | _aالإحصاء المالي | ||
| 653 | _aالإدارة | ||
| 653 | _aالإقتصاد | ||
| 942 | _cكتاب | ||
| 999 |
_c43227 _d43227 |
||